Southville International School and Colleges
Your cart is empty.
  • Cart
  • Lists
    Public lists Eva Luna New books Lux_list list_1
    Your lists Log in to create your own lists
  • Log in to your account
  • Your cookies
  • Search history
Southville International School and Colleges
  • Advanced search
  • Recent comments
  • Most popular
  • Libraries

Log in to your account

Log in with GOOGLE


If you do not have an external account, but do have a local account, you can still log in:

  1. Home
  2. MARC view: Rules & skills of games & sports /
Normal view MARC view ISBD view

Rules & skills of games & sports / (Record no. 7297)

[ view plain ]
MARC details
000 -LEADER
fixed length control field 00635nam a22002297a 4500
003 - CONTROL NUMBER IDENTIFIER
control field OSt
005 - DATE AND TIME OF LATEST TRANSACTION
control field 20140310181929.0
008 - FIXED-LENGTH DATA ELEMENTS--GENERAL INFORMATION
fixed length control field 130722t xxu||||| |||| 00| 0 eng d
020 ## - INTERNATIONAL STANDARD BOOK NUMBER
International Standard Book Number 8172451229
050 ## - LIBRARY OF CONGRESS CALL NUMBER
Classification number GV 701
Item number .C495 1991
082 ## - DEWEY DECIMAL CLASSIFICATION NUMBER
Classification number TR 796
Item number C39 1991
100 ## - MAIN ENTRY--PERSONAL NAME
Personal name Chaturvedi, B.K
9 (RLIN) 2597
245 ## - TITLE STATEMENT
Title Rules & skills of games & sports /
Statement of responsibility, etc B.K Chaturvedi
260 ## - PUBLICATION, DISTRIBUTION, ETC. (IMPRINT)
Place of publication, distribution, etc New Delhi, India :
Name of publisher, distributor, etc Goodwill Publishing House,
Date of publication, distribution, etc 1991.
300 ## - PHYSICAL DESCRIPTION
Extent 440 p.
Other physical details ill. ;
Dimensions 22 cm.
521 ## - TARGET AUDIENCE NOTE
Target audience note
541 ## - IMMEDIATE SOURCE OF ACQUISITION NOTE
-- 1
562 ## - COPY AND VERSION IDENTIFICATION NOTE
Number of copies 1
650 ## - SUBJECT ADDED ENTRY--TOPICAL TERM
Topical term or geographic name as entry element Sports
General subdivision Rules
9 (RLIN) 2598
650 ## - SUBJECT ADDED ENTRY--TOPICAL TERM
Topical term or geographic name as entry element Games
General subdivision Rules
9 (RLIN) 2599
942 ## - ADDED ENTRY ELEMENTS (KOHA)
Source of classification or shelving scheme Library of Congress Classification
Koha item type
Call number prefix
Holdings
Withdrawn status Lost status Source of classification or shelving scheme Damaged status Home library Current library Shelving location Date acquired Total Checkouts Full call number Barcode Date last seen Copy number Price effective from Koha item type
    Library of Congress Classification   Luxembourg Library Luxembourg Library Teachers Reference Section 07/22/2013   GV 701 .C495 1991 12357 08/13/2013 1 07/22/2013 Books

Rules & skills of games & sports /

APA

Chaturvedi B., . (1991). Rules & skills of games & sports. New Delhi, India: Goodwill Publishing House.

Chicago

Chaturvedi B.K, . 1991. Rules & skills of games & sports. New Delhi, India: Goodwill Publishing House.

Harvard

Chaturvedi B., . (1991). Rules & skills of games & sports. New Delhi, India: Goodwill Publishing House.

MLA

Chaturvedi B.K, . Rules & skills of games & sports. New Delhi, India: Goodwill Publishing House. 1991.

  • Place hold
  • Print
  • Cite
  • Add to your cart (remove)
  • Save record
    BIBTEX Dublin Core MARCXML MARC (non-Unicode/MARC-8) MARC (Unicode/UTF-8) MARC (Unicode/UTF-8, Standard) MODS (XML) RIS
  • More searches
    Search for this title in:
    Other Libraries (WorldCat) Other Databases (Google Scholar) Online Stores (Bookfinder.com) Open Library (openlibrary.org)

Exporting to Dublin Core...

SOUTHVILLE LIBRARY

Southville International School and Colleges Library

1281 Tropical Ave. Cor. Luxembourg St., BF Homes International, Las Pinas City

Tel. No. 8256374 / 252358 Loc. 117/146

Powered by Koha